书目信息 |
| 题名: |
高效英语口语教程
|
|
| 作者: | 高文艳 主编 | |
| 分册: | ||
| 出版信息: | 北京 国防工业出版社 2007.07 |
|
| 页数: | 316页 | |
| 开本: | 21cm | |
| 丛书名: | 芝麻英语丛书 | |
| 单 册: | ||
| 中图分类: | H319.9 | |
| 科图分类: | ||
| 主题词: | 英语--ying yu--口语--教材 | |
| 电子资源: | ||
| ISBN: | 978-7-118-05197-1 | |
| 000 | 00864nam 2200253 450 | |
| 001 | 012007115219 | |
| 005 | 20071227103546.54 | |
| 010 | @a978-7-118-05197-1@dCNY19.00 | |
| 100 | @a20071227d2007 km y0chi0120 ea | |
| 101 | 0 | @achi@aeng |
| 102 | @aCN@b110000 | |
| 105 | @ay z 000yy | |
| 106 | @ar | |
| 200 | 1 | @a高效英语口语教程@Agao xiao ying yu kou yu jiao cheng@f高文艳主编@Fgao wen yan zhu bian |
| 210 | @a北京@c国防工业出版社@d2007.07 | |
| 215 | @a316页@d21cm | |
| 225 | 2 | @a芝麻英语丛书@Azhi ma ying yu cong shu |
| 330 | @a本书共设15个单元,对吃、穿、住、行、见面打招呼、介绍、打电话、看病、租房、旅游、找工作等日常用语进行了全面的介绍。 | |
| 410 | 0 | @12001 @a芝麻英语丛书 |
| 606 | 0 | @a英语@Aying yu@x口语@j教材 |
| 690 | @aH319.9@v4 | |
| 701 | 0 | @a高文艳@Agao wen yan@4主编 |
| 801 | 0 | @aCN@bQSSK@c20071227 |
| 905 | @b272831-33@dH319.9@eG188@f3 | |
| 高效英语口语教程/高文艳主编.-北京:国防工业出版社,2007.07 |
| 316页;21cm.-(芝麻英语丛书) |
| ISBN 978-7-118-05197-1:CNY19.00 |
| 本书共设15个单元,对吃、穿、住、行、见面打招呼、介绍、打电话、看病、租房、旅游、找工作等日常用语进行了全面的介绍。 |
| ● |
| 相关链接 |
|
|
|
正题名:高效英语口语教程
索取号:H319.9/G188
 
预约/预借
| 序号 | 登录号 | 条形码 | 馆藏地/架位号 | 状态 | 备注 |
| 1 | 272831 | 202728316 | 自科二线504/504自科库 45排1列1层/ [索取号:H319.9/G188] | 在馆 | |
| 2 | 272832 | 202728325 | 语言库209/209语言库 59排1列1层/ [索取号:H319.9/G188] | 在馆 | |
| 3 | 272833 | 202728334 | 语言库209/209语言库 59排1列1层/ [索取号:H319.9/G188] | 在馆 |